|
|
|
|
| LEADER |
00000caa a22000002c 4500 |
| 001 |
191259692X |
| 003 |
DE-627 |
| 005 |
20250113054959.0 |
| 007 |
cr uuu---uuuuu |
| 008 |
241217s2020 xx |||||o 00| ||eng c |
| 024 |
7 |
|
|a 10.1037/law0000278
|2 doi
|
| 035 |
|
|
|a (DE-627)191259692X
|
| 035 |
|
|
|a (DE-599)KXP191259692X
|
| 040 |
|
|
|a DE-627
|b ger
|c DE-627
|e rda
|
| 041 |
|
|
|a eng
|
| 084 |
|
|
|a 2,1
|2 ssgn
|
| 100 |
1 |
|
|a Holtzworth-Munroe, Amy
|e VerfasserIn
|4 aut
|
| 245 |
1 |
0 |
|a Intimate partner violence (IPV) and family dispute resolution: A randomized controlled trial comparing shuttle mediation, videoconferencing mediation, and litigation
|
| 264 |
|
1 |
|c 2020
|
| 336 |
|
|
|a Text
|b txt
|2 rdacontent
|
| 337 |
|
|
|a Computermedien
|b c
|2 rdamedia
|
| 338 |
|
|
|a Online-Ressource
|b cr
|2 rdacarrier
|
| 700 |
1 |
|
|a Hale, Darrell F.
|e VerfasserIn
|4 aut
|
| 700 |
1 |
|
|a Tomlinson, Claire S.
|e VerfasserIn
|4 aut
|
| 700 |
1 |
|
|a Jiang, Lily J.
|e VerfasserIn
|4 aut
|
| 700 |
1 |
|
|a Rossi, Fernanda S.
|e VerfasserIn
|4 aut
|
| 700 |
1 |
|
|a Adams, Jeannie M.
|e VerfasserIn
|4 aut
|
| 700 |
1 |
|
|a Applegate, Amy G.
|e VerfasserIn
|4 aut
|
| 700 |
1 |
|
|a Beck, Connie J.
|e VerfasserIn
|4 aut
|
| 773 |
0 |
8 |
|i Enthalten in
|t Psychology, public policy and law
|d Washington, DC : [Verlag nicht ermittelbar], 1995
|g (2020)
|h Online-Ressource
|w (DE-627)363738126
|w (DE-600)2103359-6
|w (DE-576)251938751
|x 1939-1528
|7 nnas
|
| 773 |
1 |
8 |
|g year:2020
|
| 787 |
0 |
8 |
|i Forschungsdaten
|a Holtzworth-Munroe, Amy
|t Intimate Partner Violence and Custody Decisions: A Randomized Controlled Trial of Outcomes from Family Court, Shuttle Mediation, or Videoconferencing Mediation, Washington D.C., 2017-2018
|d [Erscheinungsort nicht ermittelbar] : [Verlag nicht ermittelbar], 2021
|w (DE-627)1840038535
|
| 856 |
4 |
0 |
|u https://doi.org/10.1037/law0000278
|x Resolving-System
|z lizenzpflichtig
|3 Volltext
|7 1
|
| 935 |
|
|
|a mkri
|
| 951 |
|
|
|a AR
|
| ELC |
|
|
|a 1
|
| LOK |
|
|
|0 000 xxxxxcx a22 zn 4500
|
| LOK |
|
|
|0 001 4637562449
|
| LOK |
|
|
|0 003 DE-627
|
| LOK |
|
|
|0 004 191259692X
|
| LOK |
|
|
|0 005 20241217044622
|
| LOK |
|
|
|0 008 241217||||||||||||||||ger|||||||
|
| LOK |
|
|
|0 035
|a (DE-2619)ICPSR150932
|
| LOK |
|
|
|0 040
|a DE-2619
|c DE-627
|d DE-2619
|
| LOK |
|
|
|0 092
|o n
|
| LOK |
|
|
|0 852
|a DE-2619
|
| LOK |
|
|
|0 852 1
|9 00
|
| LOK |
|
|
|0 935
|a nacp
|
| LOK |
|
|
|0 939
|a 17-12-24
|b l01
|
| OAS |
|
|
|a 1
|
| ORI |
|
|
|a SA-MARC-krimdoka001.raw
|